banner-ar

"علم الاثار فى الوطن العربى ""مدخل""" / (Record no. 54890)

MARC details
000 -الفاتح
حقل البيانات ثابتة الطول 00552nam a2200181Ia 4500
008 - عناصر البيانات ثابتة الطول - معلومات عامة
حقل البيانات ثابتة الطول 140319s9999 xx 000 0 ara d
040 ## - مصدر الفهرسة
وكالة الفهرسة الأصلية GCL /
وكالة النسخ GCL
082 04 - رقم تصنيف ديوى العشرى
رقم التصنيف 913.031
رقم المادة م ع
100 1# - المدخل الرئيسى - إسم شخصى
الإسم الشخصى منى يوسف نخله
245 10 - بيان العنوان
العنوان "علم الاثار فى الوطن العربى ""مدخل""" /
بيان المسئوليه,etc منى يوسف نخله
300 ## - الوصف المادى
التعداد 304 ص
490 ## - بيان السلسلة
عنوان السلسلة
650 04 - المدخل الاضافى بالموضوع-مصطلح موضوعى
مصطلح موضوعي الحضارة الفرعونية
650 04 - المدخل الاضافى بالموضوع-مصطلح موضوعى
مصطلح موضوعي الاثار الفرعونية
942 ## - عناصر المدخل الإضافي( كوها)
مصدر التصنيف او مخطط الترفيف Dewey Decimal Classification
Koha [default] item type كتاب
260 ## - PUBLICATION, DISTRIBUTION, ETC. (IMPRINT)
-- [S.N] :
-- منشورات جروس برس
Holdings
حالة التراجع حالة الفقد حالة تلف ليس للاعارة المكان المؤقت الموقع الحالى تاريخ الاكتساب اجمالي اﻻعارات رقم الطلب الباركود تاريخ اخر مشاهدة تاريخ تفعيل السعر نوع وعاء كوها
        مكتبة القاهرة الكبرى مكتبة القاهرة الكبرى 03/26/2014   913.031\م ع 131944 03/26/2014 03/26/2014 كتاب

Powered By

EGPV